| 000 | 00564nam a22001577a 4500 | ||
|---|---|---|---|
| 003 | macl | ||
| 005 | 20240518130050.0 | ||
| 008 | 240518b |||||||| |||| 00| 0 eng d | ||
| 040 | _cmacl | ||
| 082 | _a510 | ||
| 100 |
_aयूथ काॅम्पिटिशन टाइम्स _982378 |
||
| 245 | _aRRB 2024 गणित सॉल्व्ड पेपर | ||
| 260 |
_aप्रयागराज _bयूथ काॅम्पिटिशन टाइम्स _c2024 |
||
| 650 |
_aसामान्य वर्ग _936 |
||
| 942 |
_2ddc _cHIN |
||
| 999 |
_c66863 _d66863 |
||